| 000 | 00349nam a2200109Ia 4500 | ||
|---|---|---|---|
| 008 | 201216s9999 xx 000 0 und d | ||
| 100 | _aRuddick, Morris E. ; Sherwood,Philip K and Stevens,Robert E | ||
| 245 | 0 | _a(The) Marketing Research Handbook :A Decision-Oriented Approach | |
| 260 |
_aEnglewood Cliffs _bPrentice Hall |
||
| 300 | _a210 | ||
| 942 | _cBK | ||
| 999 |
_c6223 _d6223 |
||